Economic growth

Salvato in:
Dettagli Bibliografici
Autore principale: Weil, David N.
Natura: Libro
Lingua:inglese
Pubblicazione: Boston Pearson/Addison-Wesley 2009
Edizione:2nd ed.
Serie:<The> Addison-Wesley series in economics
Soggetti:
Tags: Aggiungi Tag
Nessun Tag, puoi essere il primo ad aggiungerne!!

MARC

LEADER 00000nam a2200000 4500
001 0125169
005 20240226124252.4
020 |a 978-0-321-56436-8 
020 |a 0-321-56436-7 
041 0 |a eng 
044 |a US 
245 1 0 |a Economic growth  |c David N. Weil 
250 |a 2nd ed. 
264 1 |a Boston  |b Pearson/Addison-Wesley  |c 2009 
300 |a 565 s. 
490 1 |a <The> Addison-Wesley series in economics 
830 0 |a <The> Addison-Wesley series in economics 
610 2 0 |a rast hospodársky 
610 2 0 |a kapitál 
610 2 0 |a modely 
610 2 0 |a populácia 
610 2 0 |a kapitál ľudský 
610 2 0 |a produktivita 
610 2 0 |a technológie nové 
610 2 0 |a efektívnosť 
610 2 0 |a hospodárstvo otvorené 
610 2 0 |a nerovnosť 
610 2 0 |a príjmy 
610 2 0 |a kultúra 
610 2 0 |a geografia 
610 2 0 |a podnebie 
610 2 0 |a zdroje prírodné 
100 1 |a Weil, David N.